LIBRARY & INFORMATION CENTRE, KCAET, TAVANUR

ONLINE PUBLIC ACCESS CATALOGUE (OPAC)

Cardamom / (Record no. 2615)

MARC details
000 -LEADER
fixed length control field 00290cam a2200121ua 4500
082 ## - DEWEY DECIMAL CLASSIFICATION NUMBER
Classification number 633.83
Item number SAH/CA
100 ## - MAIN ENTRY--AUTHOR NAME
Personal name Sahadevan, P.C .
245 ## - TITLE STATEMENT
Title Cardamom /
250 ## - EDITION STATEMENT
Edition statement 1 /
260 ## - PUBLICATION, DISTRIBUTION, ETC. (IMPRINT)
Place of publication Kerala :
Name of publisher The Agricultural Information Service ,
Year of publication 1965.
300 ## - PHYSICAL DESCRIPTION
Number of Pages 90 ; .
942 ## - ADDED ENTRY ELEMENTS (KOHA)
Koha item type Books
Holdings
Withdrawn status Lost status Damaged status Home library Current library Date acquired Full call number Accession Number Koha item type
      KAUAET KAUAET 07/04/2012 633.83 13101 Books
      KAUAET KAUAET 07/04/2012 633.83 13102 Books
free website counter